| 000 | 00849nam a2200229 u 4500 | ||
|---|---|---|---|
| 005 | 20210223131150.0 | ||
| 008 | 091027s2006 mx r 000 0 spa d | ||
| 020 | _a9682326303 | ||
| 035 | _aUPN01000173466 | ||
| 049 | _aCG | ||
| 050 | 4 |
_aHN120 Z9 _bC3.3 |
|
| 100 | 1 |
_aCamp, Roderic Ai, _d1945- _928630 |
|
| 245 | 1 | 4 |
_aLas élites del poder en México : _bperfil de una élite de poder para el siglo XXI / _cRoderic Ai Camp ; tr. Bertha Ruiz de la Concha. |
| 260 |
_aMéxico : _bSiglo XXI, _c2006. |
||
| 300 | _a360 p. | ||
| 440 | 0 | _aSociología y política | |
| 534 |
_pTítulo original: _tMexico's mandarins : crafting a power elite for the twenty-first century |
||
| 650 | 4 |
_aELITE (CIENCIAS SOCIALES) - _zMEXICO _96043 |
|
| 650 | 4 |
_aREDES SOCIALES - _zMEXICO _915197 |
|
| 650 | 4 |
_aPODER (CIENCIAS SOCIALES) - _zMEXICO _915198 |
|
| 905 | _aLibro | ||
| 999 |
_c145570 _d145570 |
||